Open Data Biblioteca Nacional de Portugal


República Portuguesa: Ministério da Cultura
Biblioteca Nacional de Portugal

Catálogo da BNP: acesso por Identificadores Unívocos
Registos Bibliográficos associados ao registo de autoridade

Etiqueta de registo: 00254nam 2200025 450
001 2286022
003 http://id.bnportugal.gov.pt/bib/catbnp/2286022
021 ## $aPT$b561176/26
100 ## $a20260508d2026 m y0pory01030103ba
101 0# $apor
102 ## $aPT
105 ## $aa b 000yy
106 ## $ar
200 1# $aMeu Cristo$fPaulo Neves$gtextos Pedro Ventura, Bruno Ferreira
210 #9 $a[S.l.]$cProef,$d2026
215 ## $a77, [1] p.$cil.$d25 cm
600 #1 $aNeves,$bPaulo,$f1959-$xEscultura$xExposições$j[Catálogos]$2SIPOR$3278243
675 ## $a73.046(=1:469)"19/20"(083.82)$vBN$zpor$31953605
675 ## $a73Neves, Paulo(083.82)$vBN$zpor$31469499
702 #1 $aNeves,$bPaulo,$f1959-$4040$31903763
702 #1 $96$aVentura,$bPedro$4070$31997989
702 #1 $aFerreira,$bBruno,$f1984-$4070$31906429
801 #0 $aPT$bBN$gRPC
856 41 $uhttp://rnod.bnportugal.gov.pt/ImagesBN/winlibimg.aspx?skey=&doc=2286022&img=223228&save=true
900 ## $aBIBNAC$d20260617
966 ## $lBN$mFGMON$sB.A. 53835 V.$x1
966 ## $lBN$mFGMON$sB.A. 53835 V.-D$x1
971 ## $cssilva$d20260508
972 ## $e0$z0$d20260617$vlrevez
973 ## $ctrodrigues$d20260611
974 ## $e0$d20260612$vrsimoes

OpendataBNP@bnportugal.pt | Mais informação sobre acesso aos dados BNP